Macmillan Mathematics 1: Teacher's Book (Record no. 48983)
| 000 -LEADER | |
|---|---|
| fixed length control field | 00373nam a22001217a 4500 |
| 008 - FIXED-LENGTH DATA ELEMENTS--GENERAL INFORMATION | |
| fixed length control field | 250701b |||||||| |||| 00| 0 eng d |
| 020 ## - INTERNATIONAL STANDARD BOOK NUMBER | |
| International Standard Book Number | 9780230028166 |
| 100 ## - MAIN ENTRY--PERSONAL NAME | |
| Personal name | Paul Broadbent (Author) |
| 9 (RLIN) | 86350 |
| 245 ## - TITLE STATEMENT | |
| Title | Macmillan Mathematics 1: Teacher's Book |
| 260 ## - PUBLICATION, DISTRIBUTION, ETC. (IMPRINT) | |
| Place of publication, distribution, etc | England |
| Name of publisher, distributor, etc | Macmillan Education |
| Date of publication, distribution, etc | 2009 |
| 300 ## - PHYSICAL DESCRIPTION | |
| Extent | 144 p |
| Other physical details | col. ill. |
| Dimensions | 8.54 x 0.31 x 10.91 inches |
| 942 ## - ADDED ENTRY ELEMENTS (KOHA) | |
| Source of classification or shelving scheme | |
| Withdrawn status | Lost status | Source of classification or shelving scheme | Damaged status | Not for loan | Collection code | Home library | Current library | Date acquired | Full call number | Barcode | Date last seen | Price effective from | Koha item type |
|---|---|---|---|---|---|---|---|---|---|---|---|---|---|
| Non-Fiction | Asian Hope Siem Reap | Asian Hope Siem Reap | 07/01/2025 | NFIC PAU | 209030 | 07/01/2025 | 07/01/2025 | Book |